अंतिम जन तक: (Record no. 1848182)

MARC details
000 -LEADER
fixed length control field 01120nam a2200229 4500
005 - DATE AND TIME OF LATEST TRANSACTION
control field 20260409160206.0
008 - FIXED-LENGTH DATA ELEMENTS--GENERAL INFORMATION
fixed length control field 260409b |||||||| |||| 00| 0 eng d
020 ## - INTERNATIONAL STANDARD BOOK NUMBER
International Standard Book Number 9789391011970 (pbk)
037 ## - SOURCE OF ACQUISITION
Terms of availability TB
040 ## - CATALOGING SOURCE
Original cataloging agency CRL
Transcribing agency CRL
041 ## - LANGUAGE CODE
Source of code hin
Language code of text/sound track or separate title hin
084 ## - COLON CLASSIFICATION NUMBER
Classification number Y68:7:7.2 152R3
Assigning agency CRL
100 ## - MAIN ENTRY--PERSONAL NAME
Personal name मलिक, कुसुमलता
9 (RLIN) 1116852
245 ## - TITLE STATEMENT
Title अंतिम जन तक:
Remainder of title विकलांगजन अधिकारार्जन चेतना के पुरोधा श्री संतोष कुमार रुंगटा
260 ## - PUBLICATION, DISTRIBUTION, ETC.
Place of publication, distribution, etc. नई दिल्ली, भारत:
Name of publisher, distributor, etc. दुआबा पब्लिकेशन्स,
Date of publication, distribution, etc. 2023.
300 ## - PHYSICAL DESCRIPTION
Extent 521पृ.
365 ## - TRADE PRICE
Price amount 1024.00
Currency code INR
650 ## - SUBJECT ADDED ENTRY--TOPICAL TERM
Topical term or geographic name entry element समाजशास्त्र
650 ## - SUBJECT ADDED ENTRY--TOPICAL TERM
Topical term or geographic name entry element विकलांग
9 (RLIN) 1234562
942 ## - ADDED ENTRY ELEMENTS (KOHA)
Source of classification or shelving scheme Colon Classification (CC)
Suppress in OPAC No
Koha item type Textbook
Classification part Y68:7:7.2 152R3
Holdings
Withdrawn status Lost status Source of classification or shelving scheme Damaged status Not for loan Home library Current library Date acquired Source of acquisition Cost, normal purchase price Inventory number Total Checkouts Full call number Barcode Date last seen Price effective from Koha item type
    Colon Classification (CC)     Central Library Central Library 2026-04-09 कुसुमलता मलिक 1024.00 गिफ्ट   Y68:7:7.2 152R3 CL1700376 2026-04-09 2026-04-09 Textbook
    Colon Classification (CC)     Central Library Central Library 2026-04-09 कुसुमलता मलिक 1024.00 गिफ्ट   Y68:7:7.2 152R3 CL1700369 2026-04-09 2026-04-09 Textbook
    Colon Classification (CC)     Central Library Central Library 2026-04-09 कुसुमलता मलिक 1024.00 गिफ्ट   Y68:7:7.2 152R3 CL1700375 2026-04-09 2026-04-09 Textbook
    Colon Classification (CC)     Central Library Central Library 2026-04-09 कुसुमलता मलिक 1024.00 गिफ्ट   Y68:7:7.2 152R3 CL1700374 2026-04-09 2026-04-09 Textbook
    Colon Classification (CC)     Central Library Central Library 2026-04-09 कुसुमलता मलिक 1024.00 गिफ्ट   Y68:7:7.2 152R3 CL1700373 2026-04-09 2026-04-09 Textbook
    Colon Classification (CC)     Central Library Central Library 2026-04-09 कुसुमलता मलिक 1024.00 गिफ्ट   Y68:7:7.2 152R3 CL1700371 2026-04-09 2026-04-09 Textbook
    Colon Classification (CC)     Central Library Central Library 2026-04-09 कुसुमलता मलिक 1024.00 गिफ्ट   Y68:7:7.2 152R3 CL1700372 2026-04-09 2026-04-09 Textbook
    Colon Classification (CC)     Central Library Central Library 2026-04-09 कुसुमलता मलिक 1024.00 गिफ्ट   Y68:7:7.2 152R3 CL1700367 2026-04-09 2026-04-09 Textbook
    Colon Classification (CC)     Central Library Central Library 2026-04-09 कुसुमलता मलिक 1024.00 गिफ्ट   Y68:7:7.2 152R3 CL1700368 2026-04-09 2026-04-09 Textbook
    Colon Classification (CC)     Central Library Central Library 2026-04-09 कुसुमलता मलिक 1024.00 गिफ्ट   Y68:7:7.2 152R3 CL1700370 2026-04-09 2026-04-09 Textbook
Copyright @ Delhi University Library System